De Profundis /

محفوظ في:
التفاصيل البيبلوغرافية
المؤلف الرئيسي: Wilde, Oscar (مؤلف)
مؤلفون آخرون: Barzun, Jacques, Salvago Raggi, Camilla
التنسيق: كتاب
اللغة:الإيطالية
منشور في: Milano : Feltrinelli, 1997
الطبعة:5. ed
سلاسل:Universale economica ; 2016
الوسوم: إضافة وسم
لا توجد وسوم, كن أول من يضع وسما على هذه التسجيلة!

MARC

LEADER 00000nam a22000007i 4500
001 IT\ICCU\BIA\0026956
003 ItRI
005 20260115231859.0
008 090303s1997 it |||||| ||||| |||||c
020 |a 8807820161 
040 |b ita  |c importazione bologna sebina 
041 7 |a ita  |2 ISO-639-2 
100 1 |a Wilde, Oscar  |0 IT\ICCU\CFIV\000261  |4 aut 
240 1 0 |a De profundis  |3 IT\ICCU\CFI\0061241  |9 Wilde, Oscar 
245 1 0 |a De Profundis /  |c Oscar Wilde ; introduzione di Jacques Barzun ; traduzione di Camilla Salvago Raggi. 
250 |a 5. ed 
260 |a Milano :  |b Feltrinelli,  |c 1997 
300 |a XVIII, 129 p. ;  |c 20 cm. 
700 1 |a Barzun, Jacques  |0 IT\ICCU\CFIV\093084 
700 1 |a Salvago Raggi, Camilla  |0 IT\ICCU\CFIV\055193 
790 0 |a C.3.3.  |3 IT\ICCU\BVEV\134340  |z Wilde, Oscar 
790 1 |a Raggi Salvago, Camilla  |3 IT\ICCU\BVEV\003621  |z Salvago Raggi, Camilla 
790 1 |a Wilde, Oscar Fingal OʼFlaherty Wills  |3 IT\ICCU\FERV\075121  |z Wilde, Oscar 
830 0 |a Universale economica ;  |v 2016  |0 IT\ICCU\CFI\0001103 
942 |2 ddc  |c BK  |n 0 
952 |0 0  |1 0  |4 0  |6 DOC_826_800000000000000_WIL  |7 0  |9 15133  |a BO  |b BO  |d 2026-01-15  |i 15625  |l 0  |o DOC 826.8 WIL  |p BO15625  |r 2026-01-15 23:18:59  |w 2026-01-15  |x [Sebina 5] [1 v.]  |y BK  |z 1 v. 
999 |c 13022  |d 13022